[Event "Olympiad Women-40"]
[Site "Istanbul"]
[Date "2012.09.07"]
[Round "10.2"]
[White "Baekelant, Eva"]
[Black "Ooft, Tesora"]
[Result "1-0"]
[WhiteElo "2128"]
[BlackElo "1716"]
[PlyCount "77"]
[EventDate "2012.08.28"]
[EventType "team-swiss"]
[EventRounds "11"]
[EventCountry "TUR"]
[SourceTitle "CBM 150 Extra"]
[Source "ChessBase"]
[SourceDate "2012.10.19"]
[SourceVersion "1"]
[SourceVersionDate "2012.10.19"]
[SourceQuality "1"]
[WhiteTeam "Belgium (W)"]
[BlackTeam "Surinam (W)"]
[WhiteTeamCountry "BEL"]
[BlackTeamCountry "SUR"]

1. d4 d5 2. c4 e6 3. Nf3 Nf6 4. e3 Be7 5. Nbd2 0-0 6. Bd3 Nbd7 7. b3 a6 8. Qc2 dxc4 9. bxc4 c5 10. Bb2 Re8 11. g4 Nf8 12. g5 N6d7 13. Rg1 Ng6 14. h4 Bd6 15. h5 Ngf8 16. Bxh7+ Nxh7 17. g6 Ndf8 18. dxc5 Nf6 19. gxf7+ Kxf7 20. cxd6 e5 21. Nxe5+ Kg8 22. h6 Nh5 23. Qg6 Rxe5 24. Qd3 Rg5 25. 0-0-0 Be6 26. f4 Rf5 27. Qe4 Qd7 28. Bxg7 Re8 29. Bc3+ Kf7 30. Nf3 Bd5 31. Qxf5+ Qxf5 32. Rxd5 Qxd5 33. cxd5 Rxe3 34. Ne5+ Ke8 35. Kd2 Rh3 36. h7 Nxh7 37. Rg8+ Nf8 38. d7+ Ke7 39. d6+ 1-0

[Event "Olympiad Women-40"]
[Site "Istanbul"]
[Date "2012.08.30"]
[Round "3.2"]
[White "Baekelant, Eva"]
[Black "Roy, Ali"]
[Result "1-0"]
[WhiteElo "2128"]
[BlackElo "1836"]
[PlyCount "65"]
[EventDate "2012.08.28"]
[EventType "team-swiss"]
[EventRounds "11"]
[EventCountry "TUR"]
[SourceTitle "CBM 150 Extra"]
[Source "ChessBase"]
[SourceDate "2012.10.19"]
[SourceVersion "1"]
[SourceVersionDate "2012.10.19"]
[SourceQuality "1"]
[WhiteTeam "Belgium (W)"]
[BlackTeam "Scotland (W)"]
[WhiteTeamCountry "BEL"]
[BlackTeamCountry "SCO"]

1. d4 d5 2. c4 c6 3. Nf3 Nf6 4. e3 Bf5 5. Nh4 Be4 6. f3 Bg6 7. Nc3 e6 8. Nxg6 hxg6 9. Qb3 Qc7 10. f4 Nbd7 11. Bd2 Be7 12. Be2 dxc4 13. Qxc4 Nb6 14. Qb3 Nfd5 15. g3 f5 16. e4 Nxc3 17. bxc3 Qd7 18. Bd3 Bd6 19. 0-0-0 0-0-0 20. a4 Rh3 21. Kc2 Rdh8 22. a5 Na8 23. Bc4 Qc7 24. Bxe6+ Kd8 25. exf5 Rxh2 26. Rxh2 Rxh2 27. fxg6 b5 28. Bg4 Qe7 29. Qg8+ Qf8 30. Qe6 Kc7 31. Qd7+ Kb8 32. Qxc6 Nc7 33. a6 1-0

[Event "Olympiad Women-40"]
[Site "Istanbul"]
[Date "2012.08.28"]
[Round "1.2"]
[White "Mendieta, Kathya"]
[Black "Baekelant, Eva"]
[Result "0-1"]
[WhiteElo "1763"]
[BlackElo "2128"]
[PlyCount "82"]
[EventDate "2012.08.28"]
[EventType "team-swiss"]
[EventRounds "11"]
[EventCountry "TUR"]
[SourceTitle "CBM 150 Extra"]
[Source "ChessBase"]
[SourceDate "2012.10.19"]
[SourceVersion "1"]
[SourceVersionDate "2012.10.19"]
[SourceQuality "1"]
[WhiteTeam "Nicaragua (W)"]
[BlackTeam "Belgium (W)"]
[WhiteTeamCountry "NCA"]
[BlackTeamCountry "BEL"]

1. e4 e6 2. d4 d5 3. exd5 exd5 4. Bd3 Bd6 5. h3 Ne7 6. Nf3 c5 7. dxc5 Bxc5 8. 0-0 Nbc6 9. Bf4 Qb6 10. b3 Bd7 11. Nbd2 Nb4 12. Be2 Bf5 13. c3 Bc2 14. Qc1 Nd3 15. Bxd3 Bxd3 16. b4 Bxb4 17. cxb4 Bxf1 18. Qxf1 Qxb4 19. Be5 f6 20. Bd4 b6 21. Rc1 0-0 22. Qe2 Qd6 23. Nb3 Rfe8 24. Qd2 Ng6 25. Rd1 Rad8 26. Bc3 Ne5 27. Nbd4 Nc4 28. Qd3 Qc5 29. Nb3 Qa3 30. Nfd4 Ne5 31. Qg3 Qe7 32. Nf5 Qd7 33. Nbd4 Ng6 34. h4 Re4 35. h5 Nf4 36. h6 g5 37. Kh1 Rc8 38. Bb2 Qa4 39. Ne7+ Kf7 40. Nxc8 Qxd1+ 41. Kh2 Qh5+ 0-1

[Event "Vlissingen HZ op 14th"]
[Site "Vlissingen"]
[Date "2010.08.12"]
[Round "7"]
[White "Baekelant, Eva"]
[Black "Goldschmidt, Christian"]
[Result "0-1"]
[WhiteElo "2034"]
[BlackElo "2249"]
[PlyCount "80"]
[EventDate "2010.08.07"]
[EventType "swiss"]
[EventRounds "9"]
[EventCountry "NED"]
[SourceTitle "CBM 137 Extra"]
[Source "ChessBase"]
[SourceDate "2010.09.01"]
[SourceVersion "1"]
[SourceVersionDate "2010.09.01"]
[SourceQuality "1"]

1. d4 Nf6 2. c4 g6 3. Nc3 Bg7 4. e4 d6 5. Nf3 0-0 6. Be2 e5 7. 0-0 Nc6 8. d5 Nb8 9. b4 Nbd7 10. Be3 Ne8 11. c5 Ndf6 12. Nd2 Kh8 13. Nc4 Ng8 14. cxd6 cxd6 15. Nb5 Bh6 16. Bxa7 Rxa7 17. Nxa7 Bd7 18. a4 f5 19. f3 Ngf6 20. Qd3 Nh5 21. Nb5 Qh4 22. Rf2 Nf4 23. Qc3 fxe4 24. Nbxd6 e3 25. Nxe3 Nxd6 26. Qxe5+ Qf6 27. Qxf6+ Rxf6 28. Ra3 Rf8 29. Bf1 Rc8 30. g3 Nh3+ 31. Bxh3 Bxh3 32. Nc2 Nc4 33. Ra2 Re8 34. Ra1 Nb2 35. f4 Bg7 36. Rb1 Nxa4 37. d6 Nc3 38. Rc1 Ne2+ 39. Rxe2 Rxe2 40. Re1 Bd4+ 0-1

[Event "Maastricht Limburg op-A 4th"]
[Site "Maastricht"]
[Date "2010.05.21"]
[Round "1"]
[White "Van Vliet, Dennis"]
[Black "Baekelant, Eva"]
[Result "1/2-1/2"]
[WhiteElo "2104"]
[BlackElo "2016"]
[PlyCount "55"]
[EventDate "2010.05.21"]
[EventType "swiss"]
[EventRounds "7"]
[EventCountry "NED"]
[SourceTitle "CBM 136 Extra"]
[Source "ChessBase"]
[SourceDate "2010.07.02"]
[SourceVersion "2"]
[SourceVersionDate "2010.07.15"]
[SourceQuality "1"]

1. d4 Nf6 2. c4 g6 3. Nc3 Bg7 4. e4 d6 5. Be2 c6 6. Be3 a6 7. a4 Qa5 8. Bd2 Qb6 9. Nf3 a5 10. h3 0-0 11. 0-0 e5 12. Be3 Qc7 13. Qb3 Nfd7 14. dxe5 dxe5 15. Rad1 Na6 16. Ne1 Ndc5 17. Qa3 b6 18. Nc2 Be6 19. b4 axb4 20. Nxb4 Rfd8 21. Rxd8+ Rxd8 22. Nxa6 Nxa6 23. Rb1 Bf8 24. Qb2 Nb4 25. Na2 c5 26. Bd2 Nxa2 27. Qxa2 Qc6 28. Qc2 1/2-1/2

[Event "Wch U14 Girls"]
[Site "Kemer"]
[Date "2009.11.19"]
[Round "8"]
[White "Nikolovska, Dragana"]
[Black "Baekelant, Eva"]
[Result "0-1"]
[WhiteElo "1695"]
[BlackElo "1966"]
[PlyCount "106"]
[EventDate "2009.11.12"]
[EventType "swiss"]
[EventRounds "11"]
[EventCountry "TUR"]
[SourceTitle "EXT 2010"]
[Source "ChessBase"]
[SourceDate "2010.11.25"]
[SourceVersion "1"]
[SourceVersionDate "2010.11.25"]
[SourceQuality "1"]

1. e4 e6 2. d4 d5 3. Nd2 a6 4. Ngf3 Nf6 5. Bd3 c5 6. exd5 exd5 7. 0-0 c4 8. Re1+ Be7 9. Bf1 0-0 10. Ne5 Bf5 11. Ndf3 Ne4 12. Nd2 Ng5 13. Re3 Ne6 14. c3 g5 15. Qf3 Ng7 16. Ndxc4 f6 17. Ng4 Bxg4 18. Qxg4 dxc4 19. Bxc4+ Kh8 20. Qe4 Nc6 21. Rh3 f5 22. Qe2 Bf6 23. Qc2 Rc8 24. Bd3 Nb4 25. Qd2 Nxd3 26. Qxd3 Re8 27. Bd2 Qd7 28. Rh6 Rf8 29. Qh3 Ne8 30. Re1 Rc7 31. Qh5 Qf7 32. Bxg5 Qxh5 33. Rxh5 Bxg5 34. Rxg5 Nd6 35. f3 Rf6 36. Kf2 b5 37. Re5 h6 38. Rg3 Nc4 39. Re8+ Kh7 40. Re2 Nd6 41. h4 a5 42. a3 Rb7 43. Rh3 b4 44. axb4 axb4 45. Rh1 f4 46. g3 fxg3+ 47. Kxg3 bxc3 48. bxc3 Rc7 49. Rc1 Nf5+ 50. Kg4 Nxd4 51. Re3 Nxf3 52. Kh3 Rg7 53. h5 Rf4 0-1

[Event "Brasschaat op 09th"]
[Site "Brasschaat"]
[Date "2009.08.16"]
[Round "2"]
[White "Baekelant, Eva"]
[Black "Nieto, Emanuel"]
[Result "1/2-1/2"]
[WhiteElo "1921"]
[BlackElo "2246"]
[PlyCount "71"]
[EventDate "2009.08.15"]
[EventType "swiss"]
[EventRounds "9"]
[EventCountry "BEL"]
[SourceTitle "CBM 131 Extra"]
[Source "ChessBase"]
[SourceDate "2009.09.03"]
[SourceVersion "2"]
[SourceVersionDate "2009.09.16"]
[SourceQuality "1"]

1. d4 Nf6 2. c4 e6 3. Nc3 Bb4 4. Qc2 c5 5. dxc5 Bxc5 6. Nf3 Qb6 7. e3 Qc7 8. Bd3 a6 9. a3 b6 10. b4 Be7 11. Bb2 Bb7 12. Ne4 d6 13. Nxf6+ Bxf6 14. Bxf6 gxf6 15. Qe2 Rg8 16. Nh4 Nd7 17. f4 f5 18. e4 fxe4 19. Bxe4 d5 20. Bxd5 Qxf4 21. Bxb7 Qxh4+ 22. g3 Qf6 23. Rd1 Rd8 24. Bc6 Rg5 25. Rf1 Qc3+ 26. Kf2 Re5 27. Qg4 Rf5+ 28. Kg2 Rxf1 29. Rxf1 Ke7 30. Bxd7 Rxd7 31. Qh4+ Kf8 32. Qxh7 Qxc4 33. Qh8+ Ke7 34. Qf6+ Ke8 35. Qh8+ Ke7 36. Qf6+ 1/2-1/2

[Event "Vlissingen HZ op 13th"]
[Site "Vlissingen"]
[Date "2009.08.02"]
[Round "3"]
[White "Baekelant, Eva"]
[Black "Privitera, Franco"]
[Result "0-1"]
[WhiteElo "1921"]
[BlackElo "2131"]
[PlyCount "76"]
[EventDate "2009.08.01"]
[EventType "swiss"]
[EventRounds "9"]
[EventCountry "NED"]
[SourceTitle "CBM 131 Extra"]
[Source "ChessBase"]
[SourceDate "2009.09.03"]
[SourceVersion "2"]
[SourceVersionDate "2009.09.16"]
[SourceQuality "1"]

1. d4 Nf6 2. c4 e6 3. Nc3 c5 4. d5 exd5 5. cxd5 Bd6 6. e4 Bc7 7. Bd3 d6 8. f4 a6 9. a4 0-0 10. Nf3 Bg4 11. 0-0 Nbd7 12. h3 Bxf3 13. Qxf3 Re8 14. b3 Ba5 15. Ne2 c4 16. bxc4 Nc5 17. Ng3 Bc3 18. Ra3 Bd4+ 19. Be3 Bxe3+ 20. Qxe3 Nfd7 21. Qd4 g6 22. Re1 Qh4 23. Qf2 Re7 24. Bc2 Rae8 25. Rb1 Qf6 26. Qd2 h5 27. Rd1 Qb2 28. Raa1 Qb6 29. a5 Qa7 30. Qf2 Qb8 31. h4 Nf6 32. e5 Ng4 33. Qd4 Qd8 34. e6 Rxe6 35. dxe6 Nxe6 36. Qb6 Qxh4 37. Nf1 Nxf4 38. Rd2 Re2 0-1

[Event "BEL-ch U14"]
[Site "Houffalize"]
[Date "2009.04.16"]
[Round "5"]
[White "Real, Thibault"]
[Black "Baekelant, Eva"]
[Result "1-0"]
[WhiteElo "1913"]
[BlackElo "1921"]
[PlyCount "101"]
[EventDate "2009.04.13"]
[EventType "swiss"]
[EventRounds "9"]
[EventCountry "BEL"]
[SourceTitle "EXT 2012"]
[Source "ChessBase"]
[SourceDate "2011.11.24"]
[SourceVersion "1"]
[SourceVersionDate "2011.11.24"]
[SourceQuality "1"]

1. e4 g6 2. d4 d6 3. Nc3 Bg7 4. h3 a6 5. a4 b6 6. Nf3 Nd7 7. Bc4 e6 8. Bg5 Ne7 9. Qd2 h6 10. Be3 Bb7 11. Nh2 c5 12. Rd1 d5 13. exd5 exd5 14. Be2 Nf5 15. Nf3 c4 16. 0-0 0-0 17. Bf4 Kh7 18. Rde1 Bc6 19. Bd1 b5 20. Na2 bxa4 21. Nb4 Bb7 22. c3 a5 23. Nc2 Qf6 24. Na3 Bc6 25. Be5 Nxe5 26. Nxe5 Nd6 27. Nxc6 Ne4 28. Rxe4 dxe4 29. Ne5 Qe6 30. Nexc4 Rfc8 31. Qe2 Bf8 32. Bxa4 Rab8 33. Ra1 Qa6 34. b3 f5 35. Qe3 Qf6 36. Ne5 Bxa3 37. Rxa3 f4 38. Qc1 Rb7 39. Nd7 Qd6 40. Nc5 Re7 41. Ra2 f3 42. Qe3 Qf6 43. g3 Rcc7 44. Bb5 Ra7 45. Kh2 Qf5 46. Bf1 h5 47. h4 Kg7 48. Bh3 Qf7 49. d5 Qxd5 50. Rd2 Qf7 51. Ne6+ 1-0

[Event "EU-ch U14 Girls 18th"]
[Site "Herceg Novi"]
[Date "2008.09.21"]
[Round "6"]
[White "Baekelant, Eva"]
[Black "Kabai, Zsuzsanna"]
[Result "1/2-1/2"]
[WhiteElo "1935"]
[BlackElo "1829"]
[PlyCount "115"]
[EventDate "2008.09.15"]
[EventType "swiss"]
[EventRounds "9"]
[EventCountry "MNE"]
[SourceTitle "CBM 126 Extra"]
[Source "ChessBase"]
[SourceDate "2008.11.05"]
[SourceVersion "1"]
[SourceVersionDate "2008.11.05"]
[SourceQuality "1"]

1. Nf3 d5 2. g3 Nf6 3. Bg2 c6 4. 0-0 Bg4 5. d3 Nbd7 6. Nbd2 e5 7. h3 Bh5 8. e4 dxe4 9. dxe4 Be7 10. Qe1 Qc7 11. Nh4 Bg6 12. Kh1 Nh5 13. Nxg6 hxg6 14. Nc4 b5 15. Ne3 a6 16. c3 Nc5 17. Qe2 Rd8 18. Rd1 Rd6 19. Bd2 0-0 20. c4 Ne6 21. Nc2 Rfd8 22. Bc3 Rxd1+ 23. Rxd1 Rxd1+ 24. Qxd1 Bd6 25. cxb5 axb5 26. Ne3 Kf8 27. Qd2 Ke7 28. Bf1 Qa7 29. b3 Nf6 30. f3 Nd7 31. Kg2 Bc5 32. Nd1 Nd4 33. Nf2 f6 34. Nd3 Bd6 35. Nb4 Bxb4 36. Bxb4+ c5 37. Bc3 b4 38. Bxd4 exd4 39. Qc2 Kd6 40. Kf2 Qa8 41. Bg2 Qa6 42. Bf1 Qa8 43. f4 Kc7 44. Be2 Kd8 45. Bf3 Qa6 46. Be2 Qa7 47. Bd3 Ke7 48. Qe2 Kd6 49. Bb5 Qa5 50. Kg1 Qa3 51. Bxd7 Qc1+ 52. Kg2 Kxd7 53. Qb5+ Ke7 54. Qb7+ Kf8 55. Qa8+ Kf7 56. Qd5+ Kf8 57. Qa8+ Kf7 58. Qd5+ 1/2-1/2

[Event "EU-ch U14 Girls 18th"]
[Site "Herceg Novi"]
[Date "2008.09.17"]
[Round "3"]
[White "Kokossis, Danae"]
[Black "Baekelant, Eva"]
[Result "0-1"]
[WhiteElo "1765"]
[BlackElo "1935"]
[PlyCount "102"]
[EventDate "2008.09.15"]
[EventType "swiss"]
[EventRounds "9"]
[EventCountry "MNE"]
[SourceTitle "CBM 126 Extra"]
[Source "ChessBase"]
[SourceDate "2008.11.05"]
[SourceVersion "1"]
[SourceVersionDate "2008.11.05"]
[SourceQuality "1"]

1. e4 d6 2. d4 Nf6 3. Nc3 g6 4. Nf3 c6 5. Be3 Nbd7 6. Qd2 Qa5 7. Bd3 Bg7 8. 0-0 Ng4 9. Bg5 f6 10. Bh4 0-0 11. h3 Nh6 12. Rfe1 e5 13. d5 c5 14. a4 a6 15. Ne2 Qc7 16. c4 Nb8 17. a5 f5 18. Nc3 Nf7 19. Na4 f4 20. Nb6 Ra7 21. g4 h6 22. g5 Bxh3 23. Kh2 Bg4 24. gxh6 Bxf3 25. hxg7 Kxg7 26. Be2 Rh8 27. Bxf3 Rxh4+ 28. Kg2 Qd8 29. Rh1 Qg5+ 30. Kf1 Rxh1+ 31. Bxh1 Qh5 32. Kg2 f3+ 33. Kg1 Qg4+ 34. Kf1 Ng5 35. Qe3 Nh3 36. Bxf3 Qg1+ 37. Ke2 Nf4+ 38. Qxf4 Qxa1 39. Qd2 Nd7 40. Nxd7 b5 41. Nb6 b4 42. Nc8 Rd7 43. Bg4 Rd8 44. Ne7 Qa2 45. Qc2 Rh8 46. Nc6 Rh1 47. Bc8 Rb1 48. Kf3 Rxb2 49. Qc1 Rxf2+ 50. Kg4 Qe2+ 51. Kg5 Qh5# 0-1

[Event "Avoine op 23rd"]
[Site "Avoine"]
[Date "2008.07.23"]
[Round "5"]
[White "Baekelant, Eva"]
[Black "Le Corre, Benjamin"]
[Result "1/2-1/2"]
[WhiteElo "1932"]
[BlackElo "2270"]
[PlyCount "110"]
[EventDate "2008.07.19"]
[EventType "swiss"]
[EventRounds "9"]
[EventCountry "FRA"]
[SourceTitle "CBM 125 Extra"]
[Source "ChessBase"]
[SourceDate "2008.09.01"]
[SourceVersion "1"]
[SourceVersionDate "2008.09.01"]
[SourceQuality "1"]

1. Nf3 Nf6 2. g3 g6 3. Bg2 Bg7 4. 0-0 0-0 5. d3 d5 6. Nbd2 c5 7. e4 Nc6 8. Re1 dxe4 9. dxe4 Ng4 10. h3 Nge5 11. Nxe5 Nxe5 12. f4 Nc6 13. c3 e5 14. Nf3 Qe7 15. Qc2 Rd8 16. Bd2 a6 17. Rad1 b5 18. Be3 Bb7 19. Nd2 c4 20. f5 Rd3 21. Kh2 Rad8 22. fxg6 hxg6 23. b3 b4 24. Nb1 bxc3 25. Nxc3 Nd4 26. Bxd4 R8xd4 27. bxc4 Rxd1 28. Rxd1 Rxc4 29. Qb2 Qc7 30. Nd5 Bxd5 31. exd5 Rc2 32. Qb3 Bf8 33. Rb1 Qc5 34. Rb2 Rc1 35. Qb6 Qa3 36. Rf2 Qe7 37. Qxa6 e4 38. d6 Qe6 39. Qb7 e3 40. Re2 Bxd6 41. Qd5 Qf6 42. Qf3 Qa1 43. Qxe3 Bc5 44. Qe8+ Kg7 45. h4 Bd6 46. Rf2 Rc7 47. Bd5 Qd4 48. Rxf7+ Rxf7 49. Qxf7+ Kh6 50. Qf3 Qxh4+ 51. Kg2 Qd4 52. Bb3 Be5 53. Qf2 Qe4+ 54. Qf3 Qd4 55. Qf2 Qe4+ 1/2-1/2

[Event "EU-ch U12 Girls 17th"]
[Site "Sibenik"]
[Date "2007.09.18"]
[Round "5"]
[White "Baekelant, Eva"]
[Black "Iwanow, Anna"]
[Result "0-1"]
[WhiteElo "1970"]
[BlackElo "1906"]
[PlyCount "80"]
[EventDate "2007.09.14"]
[EventType "swiss"]
[EventRounds "9"]
[EventCountry "CRO"]
[SourceTitle "CBM 120 Extra"]
[Source "ChessBase"]
[SourceDate "2007.11.01"]
[SourceVersion "1"]
[SourceVersionDate "2007.11.01"]
[SourceQuality "1"]

1. e4 c5 2. Nf3 d6 3. d4 cxd4 4. Nxd4 Nf6 5. Nc3 a6 6. Be3 e6 7. Be2 Be7 8. a4 Qc7 9. 0-0 b6 10. f4 Bb7 11. Bf3 Nbd7 12. Qe2 0-0 13. Kh1 Nc5 14. Bf2 d5 15. e5 Nfe4 16. Bxe4 Nxe4 17. Nxe4 dxe4 18. c3 Bd5 19. Rfe1 Rfc8 20. Qg4 Kh8 21. Re3 Rg8 22. Qd1 g5 23. Bg3 Qd7 24. f5 Bf8 25. f6 Bh6 26. Re1 g4 27. Ne2 Qb7 28. Nf4 Rad8 29. Qe2 Bc6 30. Qc2 Qc7 31. b4 Rg5 32. Ne2 Rd3 33. Bf4 Rh5 34. Bxh6 Rxh6 35. Qc1 Rh5 36. Nf4 Qxe5 37. Nxh5 Qxh5 38. Rd1 g3 39. h3 e3 40. Kg1 Qe2 0-1

[Event "EU-ch U12 Girls 17th"]
[Site "Sibenik"]
[Date "2007.09.17"]
[Round "4"]
[White "Sasmazel, Burcu"]
[Black "Baekelant, Eva"]
[Result "1/2-1/2"]
[WhiteElo "1872"]
[BlackElo "1970"]
[PlyCount "39"]
[EventDate "2007.09.14"]
[EventType "swiss"]
[EventRounds "9"]
[EventCountry "CRO"]
[SourceTitle "CBM 120 Extra"]
[Source "ChessBase"]
[SourceDate "2007.11.01"]
[SourceVersion "1"]
[SourceVersionDate "2007.11.01"]
[SourceQuality "1"]

1. e4 d6 2. d4 Nf6 3. Nc3 g6 4. g3 Bg7 5. Bg2 0-0 6. f4 e5 7. Nge2 Nc6 8. d5 Ne7 9. 0-0 Bg4 10. h3 Bxe2 11. Nxe2 h5 12. Be3 c6 13. fxe5 dxe5 14. c4 cxd5 15. cxd5 Qd6 16. Rc1 Nd7 17. Nc3 a6 18. Na4 Rac8 19. Rf2 b5 20. Nc3 1/2-1/2

[Event "Geldrop Grote Bos 7th"]
[Site "Geldrop"]
[Date "2007.01.20"]
[Round "1"]
[White "Baekelant, Eva"]
[Black "Laarhoven, Thijs"]
[Result "0-1"]
[WhiteElo "1920"]
[BlackElo "2089"]
[PlyCount "66"]
[EventDate "2007.01.20"]
[EventType "swiss"]
[EventRounds "6"]
[EventCountry "NED"]
[SourceTitle "CBM 116 Extra"]
[Source "ChessBase"]
[SourceDate "2007.03.07"]
[SourceVersion "1"]
[SourceVersionDate "2007.03.07"]
[SourceQuality "1"]

1. e4 d5 2. exd5 Nf6 3. Nf3 Nxd5 4. d4 g6 5. Be2 Bg7 6. c4 Nb6 7. Be3 0-0 8. 0-0 Nc6 9. Nc3 Bg4 10. d5 Bxf3 11. Bxf3 Ne5 12. Bxb6 axb6 13. Be2 Re8 14. Qc2 e6 15. Rfd1 exd5 16. Nxd5 c6 17. Ne3 Qe7 18. a3 Nd7 19. Bf3 Nc5 20. Re1 Ne6 21. Nf1 Qf6 22. Rab1 Re7 23. Nd2 Nd4 24. Qd1 Rae8 25. Rxe7 Qxe7 26. b4 Rd8 27. Qc1 Bh6 28. Rb2 Nxf3+ 29. gxf3 Bxd2 30. Qc2 Bf4 31. b5 Rd2 32. Qb1 Bxh2+ 33. Kh1 Qh4 0-1

[Event "Charleroi op 5th"]
[Site "Charleroi"]
[Date "2006.08.04"]
[Round "8"]
[White "Baekelant, Eva"]
[Black "Strubbe, Paul"]
[Result "1-0"]
[WhiteElo "1988"]
[BlackElo "1609"]
[PlyCount "79"]
[EventDate "2006.07.29"]
[EventType "swiss"]
[EventRounds "9"]
[EventCountry "BEL"]
[SourceTitle "CBM 113 Extra"]
[Source "ChessBase"]
[SourceDate "2006.09.14"]
[SourceVersion "1"]
[SourceVersionDate "2006.09.14"]
[SourceQuality "1"]

1. e4 c5 2. Nc3 d6 3. f4 Nc6 4. Nf3 e6 5. Bb5 Bd7 6. 0-0 Be7 7. d3 Nd4 8. Bxd7+ Qxd7 9. Nxd4 cxd4 10. Ne2 e5 11. fxe5 dxe5 12. Ng3 f6 13. Bd2 0-0-0 14. Ba5 Rf8 15. Rc1 Kb8 16. Bd2 g6 17. Qe2 h5 18. c3 h4 19. Nh1 dxc3 20. bxc3 Bc5+ 21. Be3 Bxe3+ 22. Qxe3 Ne7 23. Nf2 g5 24. d4 Ng6 25. Nd3 Qd6 26. Rb1 Rh7 27. Rb2 Nf4 28. Rd2 Rc7 29. dxe5 fxe5 30. Nxf4 Qc5 31. Qxc5 Rxc5 32. Ne6 Rxf1+ 33. Kxf1 Rxc3 34. Rd8+ Rc8 35. Rxc8+ Kxc8 36. Nxg5 b5 37. Nf3 a5 38. Nxe5 Kc7 39. Nd3 b4 40. Ke2 1-0

[Event "Charleroi op 5th"]
[Site "Charleroi"]
[Date "2006.07.31"]
[Round "3"]
[White "Pitropakis, Kyriakos"]
[Black "Baekelant, Eva"]
[Result "1-0"]
[WhiteElo "1587"]
[BlackElo "1988"]
[PlyCount "129"]
[EventDate "2006.07.29"]
[EventType "swiss"]
[EventRounds "9"]
[EventCountry "BEL"]
[SourceTitle "CBM 113 Extra"]
[Source "ChessBase"]
[SourceDate "2006.09.14"]
[SourceVersion "1"]
[SourceVersionDate "2006.09.14"]
[SourceQuality "1"]

1. b4 Nf6 2. Bb2 e6 3. b5 d5 4. e3 Bd6 5. Be2 Bd7 6. a4 a6 7. c4 c6 8. Nc3 axb5 9. axb5 Rxa1 10. Bxa1 0-0 11. cxd5 cxd5 12. Nf3 Qc7 13. h3 Bc8 14. 0-0 Nbd7 15. d4 Nb6 16. Nd2 Bb4 17. Qb3 Ba5 18. Bb2 Bd7 19. Rc1 Qb8 20. Ba3 Rc8 21. Bc5 Be8 22. Qa3 Qa8 23. Ra1 Bxc3 24. Qxc3 Qb8 25. Qa5 Nbd7 26. b6 Nxc5 27. dxc5 Qe5 28. Ra2 d4 29. Nf3 Qxc5 30. Qxc5 Rxc5 31. Nxd4 Rc1+ 32. Kh2 Rb1 33. Bf3 Rxb6 34. Ra7 e5 35. Nf5 e4 36. Bd1 g6 37. Nd4 Rb1 38. Be2 b5 39. Rb7 b4 40. Rb8 Kg7 41. g4 g5 42. Bb5 Bxb5 43. Rxb5 h6 44. Rb7 h5 45. Nf5+ Kg6 46. Ne7+ Kh7 47. gxh5 Nxh5 48. Nd5 Rb2 49. Kg1 b3 50. Rxf7+ Kg6 51. Rb7 Rd2 52. Rb6+ Kf7 53. Nc3 b2 54. Kg2 Nf6 55. Rxf6+ Kxf6 56. Nxe4+ Ke5 57. Nxd2 Kd5 58. f3 Kc5 59. Kf2 Kd5 60. Ke2 Kc5 61. Kd3 Kd5 62. Kc2 b1Q+ 63. Kxb1 Ke5 64. Kc2 Kd5 65. Kc3 1-0